000 00644nam a2200193 i 4500
001 73890
003 ES-MaACL
005 20240224062537.0
007 t|
008 040913s1912 sp ||||1| spa d
100 1 _aGonzález Aurioles, Norberto.
_958438
245 1 0 _aCervantes y el Monasterio de Santa Paula en Sevilla /
_cNorberto González Aurioles.
260 _aMadrid :
_b[s.n.],
_c1912 (
_fViuda de A. Alvárez)
300 _a40 p. :
_bil. ;
_c20 cm.
600 1 4 _aCervantes Saavedra, Miguel de,
_d1547-1616
_9226514
610 2 4 _aMonasterio de Santa Paula (Sevilla)
_9151055
852 _aES-MaACL
_jT-1250-F-5
999 _c73890
_d73890